Corridors géographiques dans le monde - Statistiques

Statistiques générales
  • Ce quiz a été pris 27 fois
  • Le résultat moyen est 8 sur 13
Statistiques - réponses
Par images Réponse % Correct
Autriche
83%
Etats-Unis
78%
Namibie
78%
Birmanie
70%
Afghanistan
65%
République démocratique du Congo
65%
Finlande
57%
Argentine
48%
Arménie
48%
Pays-Bas
48%
Cameroun
39%
Soudan du Sud
39%
Colombie
35%
Aucun quiz correspondant
Distribution des résultats
% des personnes avec chaque résultat
Percentile par nombre de réponses
Votre historique - résultats
Vous n’avez pas pris ce quiz